000
00499nam a2200169Ia 4500
008
090711s9999 xx 000 0 und d
082
_b
1145
100
_a
प्रभावळकर दिलीप
245
_a
अवती भवती
260
_c
2000
300
_a
114
600
_a
प्रभावळकर दिलीप
630
_a
अवती भवती
700
_a
प्रभावळकर दिलीप
730
_a
अवती भवती
942
_c
BOOK
999
_c
338153
_d
338153